Tous les biomes de Minecraft par catégories - Statistiques

Statistiques générales
  • Ce quiz a été pris 160 fois
  • Le résultat moyen est 15 sur 64
Statistiques - réponses
Zones Aquatiques % Correct
Désert / Desert
85%
Forêt / Forest
81%
Océan / Ocean
76%
Jungle / Jungle
65%
Océan Chaud / Warm Ocean
57%
L'End / The End
56%
Taïga / Taiga
54%
Océan Froid / Cold Ocean
51%
Forêt Sombre / Dark Forest
50%
Plaines / Plains
50%
Savane / Savanna
49%
Océan Profond / Deep Ocean
41%
Marais / Swamp
39%
Plage / Beach
38%
Badlands / Badlands
31%
Montagnes / Mountains
30%
Forêt de Bouleaux / Birch Forest
29%
Océan Gelé / Frozen Ocean
29%
Rivières / River
29%
Océan Tiède / Lukewarm Ocean
27%
Forêt Carmin / Crimson Forest
23%
Vallée des Ames / Soul Sand Valley
23%
Forêt Biscornue / Warped Forest
21%
Stalagmites de Glace / Ice Spikes
21%
Taïga Enneigée / Snowy Taiga
20%
Abîmes / Deep Dark
19%
Forêt Fleurie / Flower Forest
19%
Prairie / Meadow
19%
Jungle de Bambous / Bamboo Jungle
18%
Cavernes Luxuriantes / Lush Caves
17%
Océan Froid Profond / Deep Cold Ocean
17%
Rivière Gelée / Frozen River
17%
Terres Désolées du Nether / Nether Wastes
17%
Océan Gelé Profond / Deep Frozen Ocean
16%
Océan Tiède Profond / Deep Lukewarm Ocean
15%
Marais à Mangroves / Mangrove Swamp
14%
Côte Rocheuse / Stony Shore
13%
Orée de la Jungle / Jungle Edge
13%
Deltas de Basalte / Basalt Deltas
12%
Plage Enneigée / Snowy Beach
12%
Plaines de Tournesols / Sunflower Plains
12%
Champs de Champignons / Mushroom Fields
11%
Le Vide / The Void
11%
Plateau de Savane / Savanna Plateau
11%
Bosquet / Grove
10%
Cavernes de Spéléothèmes / Dripstone Caves
9%
Pentes Enneigées / Snowy Slopes
9%
Badlands Erodées / Eroded Badlands
8%
Fleur de Cerisier / Cherry Blossom
7%
Petites Iles de l'End / Small End Islands
7%
Pics Rocheux / Stony Peaks
6%
Toundra Enneigée / Snowy Tundra
6%
Terres Moyennes de l'End / End Midlands
5%
Forêt de Grands Bouleaux / Tall Birch Forest
4%
Hautes Terres de l'End / End Highlands
4%
Montagnes Graveleuses / Gravelly Mountains
4%
Pics Dentelés / Jagged Peaks
4%
Pics Gelés / Frozen Peaks
4%
Savane Accidentée / Shattered Savanna
4%
Taïga à Grands Arbres / Giant Tree Taiga
4%
Taïga à Grands Sapins / Giant Spruce Taiga
4%
Plateau de Badlands Boisées / Wooded Badlands Plateau
3%
Terres Stériles de l'End / End Barrens
3%
Montagnes Boisées / Wooded Mountains
1%
Aucun quiz correspondant
Distribution des résultats
% des personnes avec chaque résultat
Percentile par nombre de réponses
Votre historique - résultats
Vous n’avez pas pris ce quiz